Parki krajoborazowe - Statistics

General Stats
  • This quiz has been taken 10 times
  • The average score is 45 of 126
Answer Stats
Answer % Correct
73 Bielańsko-tyniecki
100%
74 Tenczyński
100%
3 Barlinecki
50%
66 Beskidu małego
50%
67 Beskidu śląskiego
50%
60 Bolimowski
50%
6 Cedyński
50%
86 Chęcińsko-Kielecki
50%
55 Chełmiński
50%
105 Chełmski
50%
14 Chełmy
50%
92 Chojnowski
50%
82 Cisowsko-Orłowiński
50%
15 Dolina Baryczy
50%
16 Dolina Bobru
50%
17 Dolina Bystrzycy
50%
2 dolina dolnej Odry
50%
18 Dolina Jezierzycy
50%
123 Dolina Sanu
50%
46 Dolina Słupi
50%
75 Dolinki krakowskie
50%
5 Drawski
50%
28 Góra Św Anny
50%
124 Gór Słonnych
50%
54 Góry łososiowe
50%
27 Góry Opawskie
50%
8 Gorzowski
50%
9 Gryżyński
50%
4 Iński
50%
125 Jaśliski
50%
45 Kaszubski
50%
106 Kazimierski
50%
94 Kozieniecki
50%
107 Kozłowiecki
50%
89 Kozubowski
50%
109 Krzczonowski
50%
10 Krzesiński
50%
20 Książański
50%
12 Łagowsko-sulęciński
50%
111 Lasy janowskie
50%
31 Lednicki
50%
103 Łomżyński
50%
11 Łuk mużakowa
50%
93 Mazowiecki
50%
97 Mazurski
50%
49 Mierzeja wiślana
50%
91 Nadburzański
50%
33 Nadgoplański park tysiąclecia
50%
43 Nadmorski
50%
34 Nadwarciański
50%
110 Nadwieprzański
50%
81 Pasma Brzanki
50%
104 Podlaski przełom Bugu
50%
126 Pogórza przemyskiego
50%
114 Poleski
50%
115 Południoworoztoczański
50%
78 Popradzki
50%
36 Powidzki
50%
37 Promno
50%
21 Przemkowski
50%
13 Pszczewski
50%
39 Puszcza zielonka
50%
96 Puszczy romnickiej
50%
40 Rogaliński
50%
22 Rudawski
50%
84 Sieradowicki
50%
41 Sierakowski
50%
116 Skierbieszowski
50%
25 Ślężański
50%
26 Śnieżnicki
50%
117 Sobiborski
50%
29 Stobrawski
50%
23 Stołowogórski
50%
118 Strzelecki
50%
24 Sudetów wałbrzyskich
50%
59 Sulejowski
50%
101 Suwalski
50%
88 Szaniecki
50%
119 Szczebrzeszyński
50%
1 Szczeciński puszcza bukowa
50%
44 Trójmiejski
50%
7 Ujście Warty
50%
47 Wdzydzki
50%
120 Wrzelowiecki
50%
95 Wysoczyzny elbląskiej
50%
61 Wzniesień łódzkich
50%
64 Załęczański
50%
72 Żywiecki
50%
56 Brodnicki
0%
90 Brudzeński
0%
79 Ciężkowicko-Rożnowski
0%
121 Ciśniańsko=Wetliński
0%
122 Czarnorzecko-Strzyżowski
0%
76 Dłubniański
0%
30 Dolina Kamionki
0%
19 Gór Sowich
0%
57 Gorznieńsko-Lidzbarski
0%
58 Gostynińsko-Włoclawski
0%
35 im generała Chłopowskiego
0%
83 Jeleniowski
0%
51 Krajeński
0%
108 Krasnobrodzki
0%
69 Lasy na górną Liswartą
0%
32 Miedzichowski
0%
62 Międzyrzecza Warty i Widawki
0%
87 Nadnidziański
0%
52 Nadwiślański
0%
70 Orlich gniazd
0%
98 Pojezierza iławskiego
0%
112 Pojezierz łęczyńskie
0%
65 Przedborski
0%
38 Przemęcki
0%
102 Puszczy knyszyńskiej
0%
113 Puszczy solskiej
0%
77 Rudniański
0%
68 Rud wielkich
0%
63 Spalski
0%
71 Stawki
0%
85 Suchedniowsko-Oblęgorski
0%
50 Tucholski
0%
53 Wdecki
0%
100 Welski
0%
80 Wiśńicko-Lipnicki
0%
99 Wzgórz dylewskich
0%
48 Zaborski
0%
42 Żerkowsko-Czeszewski
0%
No matching quizzes found
Score Distribution
Percent of People with Each Score
Percentile by Number Answered
Your Score History
You have not taken this quiz